| 000 | 00711nam a2200253 a 4500 | ||
|---|---|---|---|
| 005 | 20210219153215.0 | ||
| 008 | 991125n 000 0 eng u | ||
| 035 | _aUPN01000084198 | ||
| 100 | 1 | _aSmith, Mary Lou | |
| 222 | _aJOURNAL OF SCHOOL PSYCHOLOGY | ||
| 245 | _aKnowledge and attitudes about AIDS and AIDS education in elementary school students and their parents | ||
| 300 | _a281-292 | ||
| 362 | 0 | _a1993 Vol. 31, no. 2 | |
| 653 | 0 | _aPADRES DE FAMILIA | |
| 653 | 0 | _aESTUDIANTES | |
| 653 | 0 | _aEDUCACION SANITARIA | |
| 653 | 0 | _aVIH/SIDA | |
| 700 | 1 | _aLefevbre, Arlette, | |
| 700 | 1 | _ecoaut. | |
| 700 | 1 | _aMinden, Debbie, | |
| 700 | 1 | _ecoaut. | |
| 904 |
_aAC _b022009 |
||
| 905 | _aArticulo | ||
| 999 |
_c71074 _d71074 |
||